[Event "SRB-chT (Women)"]
[Site "Subotica"]
[Date "2019.09.01"]
[Round "11.11"]
[White "Pihajlic, Amalija"]
[Black "Chelushkina, Irina"]
[Result "0-1"]
[WhiteElo "1889"]
[BlackElo "2275"]
[PlyCount "46"]
[EventDate "2019.08.22"]
[EventType "team-tourn"]
[EventRounds "11"]
[EventCountry "SRB"]
[SourceTitle "EXT 2020"]
[Source "ChessBase"]
[SourceDate "2019.10.17"]
[SourceVersion "1"]
[SourceVersionDate "2019.10.17"]
[SourceQuality "1"]
[WhiteTeam "Nis Osnovac (W)"]
[BlackTeam "Belgrade Bas (W)"]
[WhiteTeamCountry "SRB"]
[BlackTeamCountry "SRB"]

1. e4 c5 2. c3 d6 3. d4 Nf6 4. f3 Qc7 5. Be3 e6 6. Bb5+ Bd7 7. Bxd7+ Nbxd7 8. Ne2 Be7 9. 0-0 0-0 10. c4 cxd4 11. Qxd4 d5 12. cxd5 Bc5 13. Qd2 exd5 14. exd5 Nxd5 15. Bxc5 Qxc5+ 16. Nd4 Ne5 17. Na3 Rad8 18. Rfd1 Nb4 19. Rac1 Qb6 20. Nc4 Nxc4 21. Rxc4 Nc6 22. b4 Rxd4 23. Rxd4 Rd8 0-1

[Event "Belgrade-ch sf (Women)"]
[Site "Belgrade"]
[Date "2017.01.23"]
[Round "1"]
[White "Pihajlic, Amalija"]
[Black "Miladinovic, Lena"]
[Result "0-1"]
[WhiteElo "1841"]
[BlackElo "2187"]
[PlyCount "80"]
[EventDate "2017.01.23"]
[EventType "swiss"]
[EventRounds "7"]
[EventCountry "SRB"]
[SourceTitle "CBM 176 Extra"]
[Source "ChessBase"]
[SourceDate "2017.03.02"]
[SourceVersion "1"]
[SourceVersionDate "2017.03.02"]
[SourceQuality "1"]

1. e4 c5 2. Nc3 Nc6 3. f4 e6 4. Nf3 Nge7 5. Bc4 a6 6. a4 Nd4 7. Nxd4 cxd4 8. Ne2 d5 9. Bd3 Nc6 10. e5 Nb4 11. 0-0 Bd7 12. Kh1 h5 13. Nxd4 Nxd3 14. cxd3 Qb6 15. Nf3 h4 16. h3 Bc5 17. b3 0-0-0 18. Bb2 d4 19. Ng5 Be8 20. Ne4 Kb8 21. Qc2 Be7 22. Rfc1 Bc6 23. a5 Qb5 24. Qc4 Qd5 25. Ba3 Bxa3 26. Rxa3 Rc8 27. Raa1 Rhd8 28. b4 Qxc4 29. Rxc4 Bxe4 30. Rxc8+ Rxc8 31. dxe4 Rc2 32. d3 Rd2 33. Ra3 Rd1+ 34. Kh2 Rb1 35. g4 Rb2+ 36. Kg1 Rxb4 37. f5 Rb5 38. Ra1 exf5 39. gxf5 Rxe5 40. Kf2 Kc7 0-1

[Event "SRB-chT (Women)"]
[Site "Kragujevac"]
[Date "2016.09.29"]
[Round "8.3"]
[White "Pihajlic, Amalija"]
[Black "Arsovic, Jelena"]
[Result "0-1"]
[WhiteElo "1879"]
[BlackElo "2014"]
[PlyCount "128"]
[EventDate "2016.09.22"]
[EventType "team-tourn"]
[EventRounds "11"]
[EventCountry "SRB"]
[SourceTitle "CBM 174 Extra"]
[Source "ChessBase"]
[SourceDate "2016.10.10"]
[SourceVersion "1"]
[SourceVersionDate "2016.10.10"]
[SourceQuality "1"]
[WhiteTeam "Belgrade Radnicki (W)"]
[BlackTeam "Jugovic (W)"]
[WhiteTeamCountry "SRB"]
[BlackTeamCountry "SRB"]

1. e4 c6 2. d3 d5 3. Nd2 Nf6 4. Ngf3 Bg4 5. h3 Bxf3 6. Qxf3 e6 7. c3 Be7 8. Be2 0-0 9. Nf1 c5 10. g4 Nc6 11. Ng3 Ne5 12. Qe3 d4 13. Qd2 c4 14. cxd4 Nc6 15. 0-0 Bb4 16. Qd1 cxd3 17. Qxd3 Qxd4 18. g5 Qxd3 19. Bxd3 Nd7 20. Be3 Bc5 21. Bxc5 Nxc5 22. Rfd1 Rfd8 23. Bf1 Nd4 24. Kg2 e5 25. h4 Rd7 26. b4 Nce6 27. Ne2 Rad8 28. Nxd4 Rxd4 29. Rxd4 Rxd4 30. Rc1 Rxe4 31. Rc8+ Nf8 32. b5 Rxh4 33. Kg3 Rd4 34. Bc4 g6 35. Bb3 Kg7 36. Re8 Rd3+ 37. Kg2 Rd7 38. Rxe5 f6 39. gxf6+ Kxf6 40. Re8 Kg7 41. Ra8 b6 42. Re8 g5 43. Be6 Rc7 44. Bd5 Ng6 45. Bc6 Rf7 46. Kg3 h5 47. f3 Kf6 48. Re1 h4+ 49. Kh2 Re7 50. Be4 Ne5 51. Rc1 g4 52. f4 Nf3+ 53. Bxf3 gxf3 54. Kh3 Kf5 55. Kxh4 Kxf4 56. Rc4+ Re4 57. Rc7 Re6 58. Rf7+ Ke3 59. Kg3 Rg6+ 60. Kh3 f2 61. Re7+ Kd2 62. Rd7+ Ke2 63. Re7+ Kf1 64. Kh2 Rh6+ 0-1

[Event "SRB-chT (Women)"]
[Site "Kragujevac"]
[Date "2016.09.22"]
[Round "1.5"]
[White "Pihajlic, Amalija"]
[Black "Milosavljevic, Milica"]
[Result "0-1"]
[WhiteElo "1879"]
[BlackElo "1926"]
[PlyCount "61"]
[EventDate "2016.09.22"]
[EventType "team-tourn"]
[EventRounds "11"]
[EventCountry "SRB"]
[SourceTitle "CBM 174 Extra"]
[Source "ChessBase"]
[SourceDate "2016.10.10"]
[SourceVersion "1"]
[SourceVersionDate "2016.10.10"]
[SourceQuality "1"]
[WhiteTeam "Belgrade Radnicki (W)"]
[BlackTeam "Cuprija Radnicki (W)"]
[WhiteTeamCountry "SRB"]
[BlackTeamCountry "SRB"]

1. e4 c5 2. Nc3 Nc6 3. f4 g6 4. Nf3 Bg7 5. Bc4 e6 6. 0-0 Nge7 7. e5 d6 8. exd6 Qxd6 9. Ne4 Qd8 10. Kh1 b6 11. c3 0-0 12. Qe2 Qc7 13. d3 Bb7 14. Ng3 Rad8 15. Be3 Nd5 16. Ng5 h6 17. Nh3 Nxe3 18. Qxe3 a6 19. a4 Na5 20. Bxe6 Qc6 21. Bxf7+ Rxf7 22. Ne4 c4 23. Nhf2 cxd3 24. Rg1 Nc4 25. Qc1 d2 26. Qc2 Ne3 27. Qb3 d1Q 28. Nxd1 Qxe4 29. Qxb6 Rxd1 30. Rgxd1 Nxd1 31. Rxd1 0-1

[Event "Belgrade-ch (Women)"]
[Site "Belgrade"]
[Date "2014.01.25"]
[Round "3"]
[White "Pihajlic, Amalija"]
[Black "Dejanovic, Ivana"]
[Result "1-0"]
[WhiteElo "1898"]
[BlackElo "1544"]
[PlyCount "59"]
[EventDate "2014.01.23"]
[EventType "tourn"]
[EventRounds "7"]
[EventCountry "SRB"]
[SourceTitle "EXT 2015"]
[Source "ChessBase"]
[SourceDate "2014.11.20"]
[SourceVersion "1"]
[SourceVersionDate "2014.11.20"]
[SourceQuality "1"]

1. e4 g6 2. d4 Bg7 3. Nc3 d6 4. Be3 Nf6 5. f3 0-0 6. Qd2 Nbd7 7. 0-0-0 c6 8. Kb1 Qa5 9. Nd5 Qd8 10. Nxf6+ Nxf6 11. g4 Qc7 12. h4 h5 13. gxh5 Nxh5 14. Ne2 Kh7 15. Bh3 Bxh3 16. Rxh3 Rg8 17. Ng3 c5 18. d5 b5 19. f4 b4 20. Nxh5 gxh5 21. Qe2 Rh8 22. Qxh5+ Kg8 23. Qg4 Qd8 24. Qg2 Kh7 25. f5 Qf8 26. Qg4 a5 27. Rg1 Bh6 28. Qh5 a4 29. Bxh6 Qxh6 30. Qxf7+ 1-0

[Event "Belgrade Trophy 27th"]
[Site "Obrenovac"]
[Date "2013.11.28"]
[Round "5"]
[White "Pihajlic, Amalija"]
[Black "Vucinic, Gojko"]
[Result "0-1"]
[WhiteElo "1854"]
[BlackElo "2294"]
[PlyCount "72"]
[EventDate "2013.11.24"]
[EventType "swiss"]
[EventRounds "9"]
[EventCountry "SRB"]
[SourceTitle "CBM 157 Extra"]
[Source "ChessBase"]
[SourceDate "2013.12.19"]
[SourceVersion "1"]
[SourceVersionDate "2013.12.19"]
[SourceQuality "1"]

1. e4 c5 2. Nc3 Nc6 3. f4 e6 4. Nf3 g6 5. d3 Bg7 6. Be2 Nge7 7. 0-0 0-0 8. Qe1 d5 9. Bd1 Rb8 10. Ne2 c4 11. dxc4 dxe4 12. Ng5 f5 13. Rb1 h6 14. Nh3 e5 15. Be3 Be6 16. b3 Bf7 17. Nf2 exf4 18. Nxf4 g5 19. Nh5 Be5 20. Nh3 Qe8 21. Ng3 f4 22. Nxf4 gxf4 23. Bxf4 Bxf4 24. Rxf4 Bg6 25. Rxf8+ Qxf8 26. Nxe4 Qf4 27. Ng3 Re8 28. Qe6+ Bf7 29. Qe4 Qxe4 30. Nxe4 Rd8 31. Bf3 Ne5 32. Re1 Nxf3+ 33. gxf3 Nc6 34. Kf2 Nb4 35. Rc1 Bg6 36. a3 Bxe4 0-1

[Event "EU-ch (Women) 14th"]
[Site "Belgrade"]
[Date "2013.08.01"]
[Round "9"]
[White "Mahmutbegovic, Nadina"]
[Black "Pihajlic, Amalija"]
[Result "1/2-1/2"]
[WhiteElo "1800"]
[BlackElo "1882"]
[PlyCount "88"]
[EventDate "2013.07.23"]
[EventType "swiss"]
[EventRounds "11"]
[EventCountry "SRB"]
[SourceTitle "CBM 155 Extra"]
[Source "ChessBase"]
[SourceDate "2013.08.26"]
[SourceVersion "1"]
[SourceVersionDate "2013.08.26"]
[SourceQuality "1"]

1. e4 e6 2. d4 d5 3. exd5 exd5 4. Bd3 Bd6 5. Nf3 Ne7 6. 0-0 h6 7. Re1 Bg4 8. Nbd2 Nbc6 9. c3 Qd7 10. Qc2 0-0-0 11. b4 Rde8 12. b5 Nd8 13. a4 Bf5 14. Nb3 Bxd3 15. Qxd3 Qf5 16. Qxf5+ Nxf5 17. Bd2 f6 18. Rac1 g5 19. Rxe8 Rxe8 20. h3 h5 21. Nh2 Bxh2+ 22. Kxh2 Nd6 23. Be1 Re2 24. Nd2 Ne6 25. g3 g4 26. hxg4 hxg4 27. Kg1 Ng5 28. Kf1 Re8 29. c4 dxc4 30. Nxc4 Nxc4 31. Rxc4 Re4 32. Bc3 Ne6 33. Rb4 f5 34. d5 Nc5 35. Rxe4 Nxe4 36. Bd4 a6 37. bxa6 bxa6 38. Ke2 Kd7 39. Be5 Nc5 40. Ke3 Nxa4 41. Kf4 Nb6 42. Kxf5 Nxd5 43. Kxg4 c5 44. Kf3 Ke6 1/2-1/2

[Event "Belgrade Trophy 26th"]
[Site "Belgrade"]
[Date "2012.11.24"]
[Round "1"]
[White "Stanojevic, Branko"]
[Black "Pihajlic, Amalija"]
[Result "1-0"]
[WhiteElo "2309"]
[BlackElo "1889"]
[PlyCount "57"]
[EventDate "2012.11.24"]
[EventType "swiss"]
[EventRounds "9"]
[EventCountry "SRB"]
[SourceTitle "CBM 151 Extra"]
[Source "ChessBase"]
[SourceDate "2012.12.18"]
[SourceVersion "1"]
[SourceVersionDate "2012.12.18"]
[SourceQuality "1"]

1. c4 e5 2. Nc3 f5 3. g3 Nf6 4. Bg2 Nc6 5. d3 Be7 6. a3 0-0 7. e3 d6 8. Nge2 Bd7 9. b4 Qe8 10. Bb2 Nd8 11. d4 c6 12. Qb3 Kh8 13. Rd1 Ne6 14. dxe5 dxe5 15. Na4 f4 16. exf4 exf4 17. Qf3 Ng5 18. Qxf4 Nh5 19. Qe3 Bg4 20. Rd4 Nf3+ 21. Bxf3 Bxf3 22. 0-0 Bf6 23. Rd2 Bxb2 24. Nxb2 Qg6 25. Nd4 Rae8 26. Qc3 Nf4 27. Nxf3 Ne2+ 28. Rxe2 Rxe2 29. Nd4 1-0

[Event "SRB-chT (Women)"]
[Site "Valjevo"]
[Date "2011.09.02"]
[Round "7.5"]
[White "Pihajlic, Amalija"]
[Black "Rakic, Marija"]
[Result "0-1"]
[WhiteElo "1972"]
[BlackElo "2283"]
[PlyCount "70"]
[EventDate "2011.08.27"]
[EventType "team-tourn"]
[EventRounds "11"]
[EventCountry "SRB"]
[SourceTitle "CBM 144 Extra"]
[Source "ChessBase"]
[SourceDate "2011.10.28"]
[SourceVersion "1"]
[SourceVersionDate "2011.10.28"]
[SourceQuality "1"]
[WhiteTeam "Belgrade Radnicki (W)"]
[BlackTeam "Goracici Jelica (W)"]
[WhiteTeamCountry "SRB"]
[BlackTeamCountry "SRB"]

1. e4 Nf6 2. e5 Nd5 3. d4 d6 4. c4 Nb6 5. exd6 cxd6 6. h3 g6 7. Nf3 Bg7 8. Bd3 0-0 9. Nc3 Nc6 10. Be3 d5 11. c5 Nc4 12. Bxc4 dxc4 13. 0-0 Bf5 14. Ne2 Bd3 15. Re1 Nb4 16. Nf4 Nc2 17. Nxd3 cxd3 18. Qxd3 Nxa1 19. Rxa1 Qd5 20. Qc3 Rfc8 21. b4 b6 22. Qe1 bxc5 23. bxc5 Rab8 24. Qa5 Rxc5 25. Qxa7 Rcb5 26. Qxe7 Bf8 27. Qf6 R8b6 28. Qf4 f6 29. Nd2 Rb2 30. Qc7 Rc6 31. Qa7 Rcc2 32. Nb3 Re2 33. Qa5 Qe4 34. Nd2 Rbxd2 35. Bxd2 Qxd4 0-1

[Event "SRB-chT (Women)"]
[Site "Valjevo"]
[Date "2011.08.27"]
[Round "1.2"]
[White "Pihajlic, Amalija"]
[Black "Petrovic, Marija"]
[Result "0-1"]
[WhiteElo "1972"]
[BlackElo "2169"]
[PlyCount "48"]
[EventDate "2011.08.27"]
[EventType "team-tourn"]
[EventRounds "11"]
[EventCountry "SRB"]
[SourceTitle "CBM 144 Extra"]
[Source "ChessBase"]
[SourceDate "2011.10.28"]
[SourceVersion "1"]
[SourceVersionDate "2011.10.28"]
[SourceQuality "1"]
[WhiteTeam "Belgrade Radnicki (W)"]
[BlackTeam "Pozarevac (W)"]
[WhiteTeamCountry "SRB"]
[BlackTeamCountry "SRB"]

1. e4 d5 2. e5 c5 3. f4 Nc6 4. Nf3 Bg4 5. Be2 e6 6. 0-0 Qb6 7. d3 Nge7 8. h3 Bxf3 9. Bxf3 Nf5 10. Kh2 Be7 11. c3 g6 12. g4 Nh4 13. Bh1 h5 14. g5 Nf5 15. Na3 0-0-0 16. Nc2 Rd7 17. Rf2 Kb8 18. a4 Rc8 19. Na3 a6 20. Bf3 Na5 21. b4 cxb4 22. Rb2 Rxc3 23. Nb1 Rc8 24. Qe2 Rxc1 0-1

[Event "Belgrade Winter op (Women)"]
[Site "Belgrade"]
[Date "2011.01.29"]
[Round "8"]
[White "Tomin, Ksenija"]
[Black "Pihajlic, Amalija"]
[Result "1/2-1/2"]
[WhiteElo "1879"]
[BlackElo "1989"]
[PlyCount "106"]
[EventDate "2011.01.22"]
[EventType "swiss"]
[EventRounds "9"]
[EventCountry "SRB"]
[SourceTitle "CBM 140 Extra"]
[Source "ChessBase"]
[SourceDate "2011.03.01"]
[SourceVersion "1"]
[SourceVersionDate "2011.03.01"]
[SourceQuality "1"]

1. e4 e6 2. d4 d5 3. Nd2 Nc6 4. Ngf3 Nf6 5. e5 Nd7 6. c3 f6 7. Bb5 Ncb8 8. 0-0 f5 9. Re1 Be7 10. Nf1 b6 11. Ng3 Ba6 12. Ba4 0-0 13. Nh5 b5 14. Bb3 Nb6 15. Nf4 Bc8 16. Nd3 a5 17. a3 Na6 18. h3 Bd7 19. Bc2 Rc8 20. Qe2 Nc4 21. b3 Nb6 22. Be3 c6 23. Kh1 Be8 24. Rg1 Nc7 25. Nh2 Ra8 26. g4 Kh8 27. Rg2 f4 28. Nxf4 Bg5 29. Qd3 g6 30. Qd2 Be7 31. Ne2 Nd7 32. f4 c5 33. dxc5 Nxc5 34. Nd4 Ne4 35. Bxe4 dxe4 36. Qc2 Qd5 37. Nf1 Qb7 38. Ng3 Bc6 39. Nxc6 Qxc6 40. c4 bxc4 41. bxc4 Bc5 42. Bxc5 Qxc5 43. Qxe4 Rad8 44. Ne2 Rd2 45. h4 Rfd8 46. Re1 R8d3 47. Rh2 Re3 48. Qb7 Qxc4 49. h5 Rexe2 50. Rhxe2 Rxe2 51. Rxe2 Qxe2 52. Qc8+ Kg7 53. h6+ Kf7 1/2-1/2

[Event "Belgrade Trophy 23rd"]
[Site "Obrenovac"]
[Date "2010.11.30"]
[Round "7"]
[White "Pihajlic, Amalija"]
[Black "Kovacevic, Marko D"]
[Result "1/2-1/2"]
[WhiteElo "1988"]
[BlackElo "1779"]
[PlyCount "53"]
[EventDate "2010.11.24"]
[EventType "swiss"]
[EventRounds "9"]
[EventCountry "YUG"]
[SourceTitle "CBM 139 Extra"]
[Source "ChessBase"]
[SourceDate "2011.01.05"]
[SourceVersion "1"]
[SourceVersionDate "2011.01.05"]
[SourceQuality "1"]

1. e4 d5 2. exd5 Qxd5 3. Nc3 Qd6 4. d4 Nf6 5. Be2 Nc6 6. Nb5 Qd8 7. Bf4 Nd5 8. Bg3 a6 9. Nc3 Nf6 10. Nf3 Bf5 11. a3 e6 12. 0-0 Be7 13. Qd2 0-0 14. Rad1 Nh5 15. Ne1 Nxg3 16. hxg3 Bf6 17. g4 Bg6 18. Nf3 h6 19. Bd3 Bxd3 20. Qxd3 Qd7 21. Ne4 Qe7 22. Qe3 Rad8 23. Rd3 Na5 24. b3 b6 25. Rfd1 Nb7 26. c4 Nd6 27. Nxf6+ 1/2-1/2

[Event "Belgrade Trophy 23rd"]
[Site "Obrenovac"]
[Date "2010.11.27"]
[Round "4"]
[White "Pihajlic, Amalija"]
[Black "Peovic, Milos"]
[Result "0-1"]
[WhiteElo "1988"]
[BlackElo "2228"]
[PlyCount "69"]
[EventDate "2010.11.24"]
[EventType "swiss"]
[EventRounds "9"]
[EventCountry "YUG"]
[SourceTitle "CBM 139 Extra"]
[Source "ChessBase"]
[SourceDate "2011.01.05"]
[SourceVersion "1"]
[SourceVersionDate "2011.01.05"]
[SourceQuality "1"]

1. e4 c6 2. d4 d5 3. f3 dxe4 4. fxe4 e5 5. Nf3 exd4 6. Bc4 Be6 7. Bxe6 fxe6 8. 0-0 Be7 9. Kh1 c5 10. e5 Nc6 11. Qe2 Qd5 12. Rd1 0-0-0 13. Nc3 Qd7 14. Ne4 h6 15. Qb5 Nxe5 16. Qa5 Nc6 17. Qb5 a6 18. Qb6 Qc7 19. Qb3 e5 20. a4 Nf6 21. Nxf6 gxf6 22. Bd2 f5 23. Be1 Qd7 24. Qc4 Qd5 25. Qf1 Rhg8 26. Nd2 Kb8 27. Nc4 Ka7 28. Ra3 f4 29. Rb3 Rg6 30. Rf3 Rdg8 31. Rd2 Bd8 32. c3 Bc7 33. cxd4 e4 34. Rb3 e3 35. Nxe3 0-1